|
|
|
|
| LEADER |
00644nam a22001817a 4500 |
| 008 |
170310b xxu||||| |||| 00| 0 eng d |
| 020 |
|
|
|a 9781107691117
|
| 082 |
|
|
|a 330.132 ROB'14
|
| 100 |
|
|
|a Robinson, William I
|
| 245 |
|
|
|a Global Capitalism and the Crisis of Humanity
|
| 250 |
|
|
|a Ed.1
|
| 260 |
|
|
|a Cambridge
|b Cambridge University Press
|c 2014
|
| 300 |
|
|
|a 246p.
|
| 500 |
|
|
|a Include Index
|
| 650 |
|
|
|a Capitalism-Gloabalization-power(Social Science)
|
| 942 |
|
|
|2 ddc
|c REF
|
| 999 |
|
|
|c 9948
|d 9948
|
| 952 |
|
|
|0 0
|1 0
|2 ddc
|4 0
|6 330_132000000000000_ROB14
|7 1
|8 REF
|9 19744
|a NUALS
|b NUALS
|c PROC
|d 2017-03-10
|l 0
|o 330.132 ROB'14
|p 13384
|r 2017-03-10
|w 2017-03-10
|y REF
|